| 000 | 00960nam a22002897a 4500 | ||
|---|---|---|---|
| 005 | 20240612062135.0 | ||
| 008 | 240612b |||||||| |||| 00| 0 eng d | ||
| 010 | _a 2023305594 | ||
| 020 | _z9789982499323 | ||
| 040 |
_aDLC _cKMU _beng _erda _dKMU |
||
| 042 |
_alcode _apcc |
||
| 043 | _af-za--- | ||
| 050 | 0 | 0 |
_aLA 1596 _b.K37 |
| 100 | 1 |
_aKapasa, Jeff, _eauthor. |
|
| 245 | 1 | 0 |
_aHistory and philosophy of education in Zambia / _cJeff Kapasa. |
| 264 | 1 |
_aLusaka, Zambia : _bDNK Brand and Publishers, _c2023. |
|
| 300 |
_axiv, 111pages ; _c21 cm |
||
| 336 |
_atext _btxt _2rdacontent |
||
| 337 |
_aunmediated _bn _2rdamedia |
||
| 338 |
_avolume _bnc _2rdacarrier |
||
| 504 | _aIncludes bibliographical references (pages 109-111). | ||
| 650 | 0 |
_aEducation _zZambia _xHistory. |
|
| 650 | 0 |
_aEducation _zZambia _xPhilosophy. |
|
| 906 |
_a7 _bcbc _corigode _d3 _encip _f20 _gy-gencatlg |
||
| 942 |
_2lcc _cBK _n0 |
||
| 999 |
_c1286 _d1286 |
||